| 000 | 01124nam a2200385 c 4500 | ||
|---|---|---|---|
| 001 | 53145 | ||
| 003 | ES-MaCES | ||
| 005 | 20250203133004.0 | ||
| 008 | 240419s2023 sp ||||| | 000 | spa d | ||
| 017 |
_aB 156345-2023 _bDL |
||
| 020 | _a9788419642257 | ||
| 040 |
_aES-MaCES _bspa _cES-MaCES |
||
| 100 |
_941002 _aBartomeus, Oriol |
||
| 245 | 1 | 3 |
_aEl peso del tiempo _b: relato del relevo generacional en España _cOriol Bartomeus |
| 250 | _a1ª ed | ||
| 260 |
_aBarcelona _bDebate _c2023 |
||
| 300 |
_a270 p. _c23 cm |
||
| 490 | 1 | _aSociedad | |
| 541 | _cCompra | ||
| 650 | 4 |
_asociedad _927269 |
|
| 650 | 4 |
_acambio social _927286 |
|
| 650 | 4 |
_acambio cultural _927262 |
|
| 650 | 4 |
_apolítica _927246 |
|
| 650 | 4 |
_aparticipación política _927242 |
|
| 650 | 4 |
_aparticipación social _927284 |
|
| 650 | 4 |
_asistema de valores _929392 |
|
| 650 | 4 |
_aactitud _926696 |
|
| 650 | 4 |
_aEspaña _926964 |
|
| 650 | 4 |
_ateoría social _927032 |
|
| 650 | 4 |
_ateoría política _927233 |
|
| 653 | 1 | 0 | _aCiencias Sociales-Políticas |
| 830 | 0 |
_aDebate sociedad _934585 |
|
| 902 | _aLIB Libro | ||
| 942 |
_2CES _cBK _h7.0. |
||
| 999 |
_c53145 _d53145 |
||